000 02369nam a2200301 a 4500
001 000008689
003 OCoLC
005 20200929161402.0
008 090907s1967 it cg r 001 0 spa d
040 _aDO-SdBNP
_bspa
_cBNPHU
082 _a232.91
_bC749m
111 2 _aCongressus Mariologici - Mariani (
_d1965 :
_cSanto Domingo, República Dominicana)
_923133
245 1 0 _aMaría in sacra scriptura :
_bacta congressus Mariologici - Mariani in República Dominicana anno 1965 celebrati.
_pmemoria del congreso Mariológico - Mariano Internacional de Santo Domingo ( 17 - 25 marzo 1965) /
_cpraefatio P. Carolus Baliâc.
260 _aRomae :
_bPontificia Academia Mariana Internationalis,
_c1967.
300 _av. :
_bretrs. ;
_c24 cm.
505 2 _aPrefatio -- Contenido del presente volumen -- Los Congresos Marianos y Mariológicos internacionales -- El consejo central permanente de los congresos Marianos y Mariológicos internacionales -- Junta de honor del XI congreso Marianos y Mariológicos internacionales de Santo Domingo -- Primera parte. Crónica de los congresos -- Preparación de los congresos -- Celebración de los congresos -- Segunda parte. Documentos pontíficios, episcopales, de la Ponâtíficia Academia Mariana Internacional y otros documentos -- Documentos pontíficios -- Documentos episcopales -- Documentos de la pontíficia Academia Mariana Internacional -- Otros documentos -- Tercera parte. Ponencias presentadas en el congreso Mariano -- Índices -- Índice onomástico -- Índice sistemático.
500 _aTexto en español y prefacio en latín.
500 _aLa biblioteca posee el volumen 1. Memoria del congreso Mariológico - Mariano internacional de Santo Domingo (17 - 25 marzo 1965)
504 _aIncluye referencias bibliográficas y notas al pie de las páginas.
590 _aInventariado, 2019/BT
600 1 4 _aVIRGEN MARÍA
_xCONGRESOS, CONFERENCIAS, ETC.
_923134
650 4 _aBiblia
_xCrítica e interpretación.
_xCongresos, conferencias, etc.
_923135
610 2 4 _aACADEMIA MARIANA INTERNACIONAL
_xDOCUMENTOS PONTÍFICIOS
_923136
700 1 2 _aBaliâc, P. Carolus
_923137
710 1 _aPontificia Adacemia Mariana Internationalis (Roma, Italia)
_923138
740 0 _aMemoria del Congreso Mariológico - Mariano Internacional de Santo Domingo (17-25 marzo 1965).
910 _aValidado. Control de calidad. MMOLINA
999 _c8459
_d8459